000 00645nam a22001817a 4500
005 20130726172236.0
008 130726b xxu||||| |||| 00| 0 eng d
020 _a9788131806012
_c150.00
035 _aMeeting 24.7.13
040 _aDPL
100 _aPrakash, M. N. Shesha
245 _aReference book on computer aided design laboratory :
_b(civil engineering) /
_cby M.N,. Shesha Prakash [and] G.S. Suresh
260 _aNew Delhi
_bUniversity Science Press
_c2013
270 _a113, Golden House, Daryaganj
_bNew Delhi
_e110002
300 _a167p.
_c24cm(pbk)
_e1 CD-ROM
500 _aIncludes bibliographical reference
942 _2ddc
_cEN
_mPRA
999 _c78118
_d78118